|
|
|
|
| LEADER |
00000nam a2200000 a 4500 |
| 001 |
vtls001563112 |
| 003 |
SK-MaSNL |
| 005 |
20260425224427.0 |
| 008 |
171201s2004 xo f bf 000 0 eng |
| 015 |
|
|
|a SNBA2007/10-05100
|
| 020 |
|
|
|a 8096914979
|q (brož.)
|
| 040 |
|
|
|a SNK
|b slo
|c SNK
|e AACR2
|
| 041 |
1 |
|
|a eng
|h und
|
| 043 |
|
|
|a e-xo---
|
| 044 |
|
|
|a xo
|c SK
|
| 072 |
|
7 |
|a 334
|x Formy organizácie a spolupráce v ekonomike
|2 konspekt
|
| 080 |
|
|
|a 334.012.46
|2 MDT-MRF
|
| 080 |
|
|
|a 330.322
|2 MDT-MRF
|
| 080 |
|
|
|a 005
|2 MDT-MRF
|
| 080 |
|
|
|a (036)
|2 MDT-MRF
|
| 080 |
|
|
|a (437.6)
|2 MDT-MRF
|
| 245 |
0 |
0 |
|a Joint investing by Slovak non-profit organizations
|c [prepared by: Jana Malovičová ; translator: Věra Machutová]
|
| 250 |
|
|
|a 1st ed.
|
| 260 |
|
|
|a Bratislava
|b Open Society Foundation
|a Bratislava
|b Children of Slovakia Foundation
|a Bratislava
|b Jan Hus Educational Foundation
|c 2004
|
| 300 |
|
|
|a 12 s., [10] s. príl.
|c 22 cm
|
| 504 |
|
|
|a Bibliogr. s. 12
|
| 650 |
0 |
7 |
|a neziskové organizácie
|x ekonomické aspekty
|2 SNKPH
|9 369081
|
| 650 |
0 |
7 |
|a investície
|2 SNKPH
|9 2292
|
| 650 |
0 |
7 |
|a manažment
|2 SNKPH
|9 922
|
| 651 |
|
7 |
|a Slovensko
|2 SNKPH
|9 14231
|
| 655 |
|
7 |
|a informačné publikácie
|2 SNKPH
|9 70181
|
| 700 |
1 |
|
|a Malovičová, Jana
|4 com
|9 369082
|
| 700 |
1 |
|
|a Machutová, Věra
|4 trl
|9 369083
|
| 919 |
|
|
|a 80-969149-7-9
|
| 958 |
|
|
|a OND
|
| 999 |
|
|
|c 613381
|d 615311
|
| 952 |
|
|
|a SNK
|b SNK
|y PREZ
|7 0
|p 17A0468006
|o snkSC 119782
|i snk2005/7450
|8 0
|0 0
|1 0
|4 0
|d 2005-05-02
|l 0
|r 2025-05-29 00:00:00
|w 2026-02-23
|
| 952 |
|
|
|a SNK
|b SNK
|y VYP
|7 0
|p 17A0468007
|o snkSC 119782 D1
|i snk2005/7452
|8 0
|0 0
|1 0
|4 0
|d 2005-05-02
|l 0
|r 2026-02-23 16:30:06
|w 2026-02-23
|